000 00595nam a2200157 a 4500
005 20140412111300.0
008 010329s19uu xx 00 eng d
020 _a0-8092-2968-4
050 _aTR(GS 745.5
_bH46 1998
100 _aHenderson, Roxanne
245 _aThe picture book of kid's craft and activities / :
_bmore than 200 terrific projects fully illustrated for easy reference /
_cRoxanne Henderson ; illustrated by Michael Brown and Cassio Lynm.
260 _aLincolnwood, Illinois :
_bContemporary Books,
_c1998.
300 _a255 p. ; ill.
650 _aHandicraft
999 _c103362
_d103362